000 00718nam a2200289Ia 4500
005 20260324143435.0
008 008 260324s9999 xx 000 0 eng d
020 _a9780203059371
037 _aEBOOK
040 _aCRL
040 _beng
040 _cCRL
041 _2eng
041 _aeng
084 _qCRL
100 _aA.H. Carrier; J.G. Carrier
_91215643
245 0 _aStructure and Process in a Melanesian Society
245 0 _bPonam's Progress in the Twentieth Century
260 _bTaylor and Francis
260 _c1992
365 _a
365 _b205
856 _uhttp://www.taylorfrancis.com/books/9780203059371
942 _cEBOOK
999 _c1821048
_d1821048